| 000 | 00000nam##2200000za#4500 |
| 001 | 9.640426 |
| 003 | CaOODSP |
| 005 | 20210624222649 |
| 007 | cr ||||||||||| |
| 008 | 150407|2000||||xxc|||||o f|0| 0 fre|d |
| 040 | |aCaOODSP|bfre |
| 043 | |an-cn--- |
| 086 | 1 |aR32-179/2000F-PDF |
| 110 | 1 |aCanada.|bAffaires indiennes et du Nord. |
| 245 | 10|aJournée nationale des Autochtones, le 21 juin-- : |h[ressource électronique]|bsoyez de la fête! / |cPublié avec l'autorisation du ministre des Affaires indiennes et du Nord canadien. |
| 260 | |aOttawa - Ontario : |bAffaires indiennes et du Nord |c2000. |
| 300 | |a1p.|bill. en couleur, photographies |
| 500 | |aLe n° de catalogue (R32-179/2000) et l'ISBN (0-662-64758-0) de l'édition imprimée bilingue ont été incorrectement copiés dans l'édition électronique. |
| 546 | |aIncludes title in French. |
| 590 | |a12-28-Supp|b2012-06-15 |
| 691 | 07|aAutochtones|2gcpds |
| 691 | 07|aCommémoration|2gcpds |
| 775 | 08|tNational Aboriginal Day, June 21-- : |w(CaOODSP)9.696308 |
| 776 | 0#|tNational Aboriginal Day, June 21: share in the celebration |w(CaOODSP)9.661651 |
| 776 | 0#|tJournée nationale des Autochtones: le 21 juin: soyez de la fête! |w(CaOODSP)9.661652 |
| 856 | 40|ahttp://publications.gc.ca|qPDF|s786 Ko|uhttps://publications.gc.ca/collections/Collection/R32-179-2000F.pdf |
| 986 | |aQS-6142-000-BB-A1 |